000 01403nam a2200337Ia 4500
001 ebr10408304
003 CaPaEBR
006 m u
007 cr cn|||||||||
008 100514s2010 gw a sb 001 0 eng d
010 _z 2010018230
020 _z9783110226140
040 _aCaPaEBR
_cCaPaEBR
035 _a(OCoLC)659500627
050 1 4 _aQA297
_b.T486 2010eb
082 0 4 _a512.9/434
_222
245 0 0 _aTheoretical foundations and numerical methods for sparse recovery
_h[electronic resource] /
_cedited by Massimo Fornasier.
260 _aBerlin ;
_aNew York :
_bDe Gruyter,
_cc2010.
300 _ax, 340 p. :
_bill.
490 1 _aRadon series on computational and applied mathematics ;
_v9
504 _aIncludes bibliographical references and index.
533 _aElectronic reproduction.
_bPalo Alto, Calif. :
_cebrary,
_d2011.
_nAvailable via World Wide Web.
_nAccess may be limited to ebrary affiliated libraries.
650 0 _aSparse matrices.
650 0 _aEquations
_xNumerical solutions.
650 0 _aDifferential equations, Partial
_xNumerical solutions.
655 7 _aElectronic books.
_2local
700 1 _aFornasier, Massimo.
710 2 _aebrary, Inc.
830 0 _aRadon series on computational and applied mathematics ;
_v9.
856 4 0 _uhttp://site.ebrary.com/lib/rucke/Doc?id=10408304
_zAn electronic book accessible through the World Wide Web; click to view
999 _c79276
_d79276